ARRUPE JESUIT UNIVERSITY

CORONAVIRUS -STOP THE SPREAD - CLEAN,DISINFECT,COVER

How can we help? : (Record no. 126601)

MARC details
000 -LEADER
fixed length control field 01528cam a2200337 a 4500
001 - CONTROL NUMBER
control field 13267756
003 - CONTROL NUMBER IDENTIFIER
control field ARRUPE
005 - DATE AND TIME OF LATEST TRANSACTION
control field 20170809115157.0
008 - FIXED-LENGTH DATA ELEMENTS--GENERAL INFORMATION
fixed length control field 030403s1999 rh a b 100 0 eng
010 ## - LIBRARY OF CONGRESS CONTROL NUMBER
LC control number 2002457652
035 ## - SYSTEM CONTROL NUMBER
System control number (DLC) 2002457652
040 ## - CATALOGING SOURCE
Original cataloging agency DLC
Transcribing agency DLC
042 ## - AUTHENTICATION CODE
Authentication code lcode
043 ## - GEOGRAPHIC AREA CODE
Geographic area code f-rh---
050 00 - LIBRARY OF CONGRESS CALL NUMBER
Classification number HV1351
Item number .H68 1999
300 ## - PHYSICAL DESCRIPTION
Other physical details ill. ;
Dimensions 21 cm.
245 00 - TITLE STATEMENT
Title How can we help? :
Remainder of title approaches to community-based care : a guide for groups and organisations wishing to assist orphans and other children in distress /
Statement of responsibility, etc [edited by Sandra Morreira].
260 ## - PUBLICATION, DISTRIBUTION, ETC. (IMPRINT)
Place of publication, distribution, etc [Harare] :
Name of publisher, distributor, etc Child Protection Society, Zimbabwe,
Date of publication, distribution, etc [1999?]
300 ## - PHYSICAL DESCRIPTION
Extent iv, 68 p. :
500 ## - GENERAL NOTE
General note Cover title.
500 ## - GENERAL NOTE
General note "Produced by Child Protection Society, Zimbabwe, with the assistance of UNICEF; Text based on the written and verbal contributions of the participants at two workshops entitled 'Towards an African Model of Care for Orphaned Children' held in November 1998 and July 1999"--T.p. verso.
504 ## - BIBLIOGRAPHY, ETC. NOTE
Bibliography, etc Includes bibliographical references (p. 67-68).
650 #0 - SUBJECT ADDED ENTRY--TOPICAL TERM
Topical term or geographic name as entry element Orphans
General subdivision Care
Geographic subdivision Zimbabwe.
9 (RLIN) 34653
650 #0 - SUBJECT ADDED ENTRY--TOPICAL TERM
Topical term or geographic name as entry element Community-based child welfare
Geographic subdivision Zimbabwe.
9 (RLIN) 34654
650 #0 - SUBJECT ADDED ENTRY--TOPICAL TERM
Topical term or geographic name as entry element Foster home care
Geographic subdivision Zimbabwe.
9 (RLIN) 34655
700 1# - ADDED ENTRY--PERSONAL NAME
Personal name Morreira, Sandra.
9 (RLIN) 34656
710 2# - ADDED ENTRY--CORPORATE NAME
Corporate name or jurisdiction name as entry element Child Protection Society, Zimbabwe.
9 (RLIN) 34657
710 2# - ADDED ENTRY--CORPORATE NAME
Corporate name or jurisdiction name as entry element UNICEF.
9 (RLIN) 34658
906 ## - LOCAL DATA ELEMENT F, LDF (RLIN)
a 7
b cbc
c origode
d 3
e ncip
f 20
g y-gencatlg
942 ## - ADDED ENTRY ELEMENTS (KOHA)
Source of classification or shelving scheme Library of Congress Classification
Koha item type Monograph ( Printed materials)
Holdings
Withdrawn status Lost status Source of classification or shelving scheme Damaged status Not for loan Collection code Home library Current library Shelving location Date acquired Total Checkouts Full call number Barcode Date last seen Price effective from Koha item type
    Library of Congress Classification     Main Collection ARRUPE LIBRARY ARRUPE LIBRARY Main Collection 09/08/2017   HV965 .H847 1999 46500024929 09/08/2017 09/08/2017 Monograph ( Printed materials)

 

Arrupe Library. PO Box MP320 Mt Pleasant, Harare, Zimbabwe
263 242 745411|librarian@aju.ac.zw